Movimientos e integración económica centroamericana

Sparad:
Bibliografiska uppgifter
Huvudupphovsman: Noyola, Gustavo Adolfo
Materialtyp: Text
Publicerad: s.l.: s.e.
Taggar: Lägg till en tagg
Inga taggar, Lägg till första taggen!

MARC

LEADER 00000 a a2200000 04500
001 22296
003
040
090 |a 151500  
100 |a Noyola, Gustavo Adolfo  
245 |a Movimientos e integración económica centroamericana  
260 |a s.l.:   |b s.e.  
300 |a 20 p.  
999 |c 9926  |d 9926